| 000 | 00554nam a2200157 a 4500 | ||
|---|---|---|---|
| 008 | 160830s2013 ||||||||||||||||| || u | ||
| 020 | _a9780756408015 | ||
| 050 | _aPS 3562.A37S74 | ||
| 100 | _aLackey, Mercedes | ||
| 245 | 1 | 0 |
_aSteadfast: the elemental masters, book eight _cBy Mercedes Lackey |
| 260 |
_aNew York _bDaw Books, Inc _c2013 |
||
| 300 | _a298p. | ||
| 350 | _a25.95 | ||
| 650 | _aENGLISH LANGUAGE | ||
| 995 |
_FCBU-MAIN LIBRARY (Kitwe) _I25.95 _M1 _UAVAILABLE _WOct 6, 2016 _ZFiction Collection |
||
| 999 |
_c58408 _d58408 |
||